[Event "XXXVIII Torneo Internacional de Ajedrez"]
[Site "La Roda (Albacete) - ESPAÑA"]
[Date "2011.04.21"]
[Round "2.7"]
[White "Alcaraz Ortega, Javier"]
[Black "Paunovic, Dragan"]
[Result "0-1"]
[WhiteElo "2236"]
[BlackElo "2504"]
[PlyCount "117"]
[EventDate "2011.04.20"]

1. d4 d6 2. Nf3 g6 3. c4 Bg7 4. e4 Bg4 5. Be2 Nc6 6. Nbd2 e5 7. d5 Nce7 8. O-O
Nf6 9. b4 a5 10. bxa5 Rxa5 11. Qc2 b6 12. Nb3 Ra8 13. a4 O-O 14. a5 bxa5 15.
Rxa5 Rxa5 16. Nxa5 c5 17. Bd2 Qc7 18. Rb1 Ra8 19. Ra1 h5 20. h3 Bd7 21. Bd3 Nh7
22. Bc3 f5 23. Nb3 Rxa1+ 24. Bxa1 f4 25. h4 Bf6 26. g3 fxg3 27. fxg3 Kg7 28.
Bc3 Ng8 29. Nbd2 Nh6 30. Nf1 Ng4 31. Bd2 Qd8 32. Qc1 Qa8 33. N1h2 Qa4 34. Nxg4
Bxg4 35. Nh2 Bc8 36. Nf3 Qd7 37. Kf2 Bd8 38. Qe1 Qf7 39. Kg2 Bh3+ 40. Kxh3 Qxf3
41. Qe2 Qh1+ 42. Qh2 Qd1 43. Qe2 Qh1+ 44. Qh2 Qa1 45. Qf2 Ba5 46. Bxa5 Qxa5 47.
Be2 Qa2 48. Qf1 Nf6 49. Bf3 Qc2 50. Qe2 Qxe2 51. Bxe2 Nxe4 52. Kg2 Nf6 53. Kf3
Kh6 54. Bd3 Kg7 55. Bc2 Ng4 56. Ba4 Kf6 57. Bd7 Nh6 58. Be8 Nf5 59. Bd7 0-1

[Event "XXXVIII Torneo Internacional de Ajedrez"]
[Site "La Roda (Albacete) - ESPAÑA"]
[Date "2011.04.21"]
[Round "2.8"]
[White "Khamrakulov, Ibragim S"]
[Black "Jimenez Villena, Fco Jose"]
[Result "1-0"]
[WhiteElo "2495"]
[BlackElo "2198"]
[PlyCount "39"]
[EventDate "2011.04.20"]

1. e4 g6 2. d4 Bg7 3. Nf3 c5 4. dxc5 Qa5+ 5. c3 Qxc5 6. Be3 Qc7 7. Na3 Nc6 8.
Nb5 Qd8 9. Bc4 Nf6 10. e5 Ng4 11. Bxf7+ Kxf7 12. Ng5+ Kg8 13. Qxg4 Nxe5 14. Qe2
h6 15. Bd4 Nf7 16. Bxg7 Kxg7 17. Nxf7 Kxf7 18. O-O-O a6 19. Qc4+ e6 20. Nc7 1-0

[Event "XXXVIII Torneo Internacional de Ajedrez"]
[Site "La Roda (Albacete) - ESPAÑA"]
[Date "2011.04.21"]
[Round "2.10"]
[White "Cruz, Cristhian"]
[Black "Suarez Uriel, Adrian"]
[Result "1-0"]
[WhiteElo "2492"]
[BlackElo "2192"]
[PlyCount "65"]
[EventDate "2011.04.20"]

1. d4 Nf6 2. c4 g6 3. Nc3 d5 4. Bf4 Bg7 5. e3 O-O 6. Rc1 dxc4 7. Bxc4 c5 8.
dxc5 Qa5 9. a3 Qxc5 10. Nb5 Qh5 11. Nc7 Qxd1+ 12. Rxd1 b5 13. Bxb5 Bb7 14. Be2
Bxg2 15. Bf3 Bxf3 16. Nxf3 Nc6 17. Nxa8 Rxa8 18. Ne5 Nd8 19. h3 Ne6 20. Bh2 Ne4
21. f3 Nd6 22. Ke2 Nf5 23. b4 Bf6 24. Nc6 a6 25. a4 Kg7 26. Rb1 Rc8 27. Rhc1
Ra8 28. Rc2 Rc8 29. b5 axb5 30. axb5 Bg5 31. b6 Nxe3 32. b7 Rxc6 33. Be5+ 1-0

[Event "XXXVIII Torneo Internacional de Ajedrez"]
[Site "La Roda (Albacete) - ESPAÑA"]
[Date "2011.04.21"]
[Round "2.11"]
[White "Cuenca Jimenez, Francisco Javie"]
[Black "Alonso Rosell, Alvar"]
[Result "0-1"]
[WhiteElo "2194"]
[BlackElo "2477"]
[PlyCount "92"]
[EventDate "2011.04.20"]

1. c4 c6 2. Nf3 d5 3. b3 Bg4 4. Ne5 Bf5 5. d4 Nf6 6. g3 e6 7. Bg2 Bb4+ 8. Bd2
Be7 9. Bc1 Nbd7 10. Nxd7 Qxd7 11. O-O Be4 12. f3 Bg6 13. c5 b6 14. Ba3 bxc5 15.
Bxc5 Bxc5 16. dxc5 Qe7 17. Qc1 O-O 18. Nd2 a5 19. Qc3 Rfb8 20. Rfc1 Rb5 21. a3
Rab8 22. a4 Rb4 23. e3 e5 24. Re1 h5 25. h4 Qc7 26. e4 d4 27. Qc1 Nd7 28. Bh3
Qa7 29. Bxd7 Qxd7 30. Kg2 f6 31. Rb1 Bf7 32. Qc2 Qb7 33. f4 Bxb3 34. Nxb3 Rxb3
35. Qc4+ Qf7 36. Qxf7+ Kxf7 37. Rxb3 Rxb3 38. fxe5 Rb2+ 39. Kg1 fxe5 40. Rf1+
Ke6 41. Rf8 Rc2 42. Re8+ Kf6 43. Rf8+ Ke7 44. Rf5 d3 45. Rxe5+ Kf6 46. Kf1 Rc1+
0-1

[Event "XXXVIII Torneo Internacional de Ajedrez"]
[Site "La Roda (Albacete) - ESPAÑA"]
[Date "2011.04.21"]
[Round "2.12"]
[White "Larino Nieto, David"]
[Black "Escudero Manzano, Alejandro"]
[Result "0-1"]
[WhiteElo "2475"]
[BlackElo "2171"]
[PlyCount "96"]
[EventDate "2011.04.20"]

1. e4 c5 2. Nc3 Nc6 3. g3 g6 4. Bg2 Bg7 5. d3 d6 6. f4 e6 7. Nf3 Nge7 8. O-O
O-O 9. Be3 Nd4 10. Bf2 b6 11. g4 Rb8 12. Nxd4 cxd4 13. Ne2 e5 14. f5 Bb7 15.
Qd2 Qd7 16. Bh4 f6 17. c3 dxc3 18. Nxc3 g5 19. Bg3 d5 20. h4 h6 21. hxg5 hxg5
22. Qd1 Kh7 23. Rf2 Rbd8 24. Qb3 dxe4 25. dxe4 Nc6 26. Nd5 Nd4 27. Qa3 Bxd5 28.
exd5 Rfe8 29. Be4 Bf8 30. Qd3 Bc5 31. Rh2+ Kg7 32. Kg2 Rh8 33. Qd2 Rxh2+ 34.
Bxh2 Bd6 35. Bg1 Rh8 36. Bf2 Qa4 37. Qd1 Qb4 38. Rb1 Ne6 39. Qe1 Nf4+ 40. Kf3
Qa4 41. Rc1 Qxa2 42. Rc2 Qa4 43. Bg3 Rh3 44. b4 Bxb4 45. Rc7+ Kh6 46. Qb1 Qa3+
47. Bd3 Nxd3 48. d6 Ne1+ 0-1

[Event "XXXVIII Torneo Internacional de Ajedrez"]
[Site "La Roda (Albacete) - ESPAÑA"]
[Date "2011.04.21"]
[Round "2.13"]
[White "Moreno Carrascosa, Bartolome"]
[Black "Plaskett, H James"]
[Result "0-1"]
[WhiteElo "2192"]
[BlackElo "2475"]
[PlyCount "92"]
[EventDate "2011.04.20"]

1. Nf3 Nf6 2. d4 c5 3. d5 e6 4. c4 exd5 5. cxd5 d6 6. Nc3 a6 7. a4 Qe7 8. Bg5
Nbd7 9. e3 h6 10. Bh4 g5 11. Bg3 Nh5 12. Bd3 Bg7 13. O-O Nxg3 14. hxg3 h5 15.
Re1 Rb8 16. Qc2 h4 17. gxh4 g4 18. Ng5 Rxh4 19. Nge4 Ne5 20. Ng3 Nxd3 21. Qxd3
Be5 22. Nf5 Bxf5 23. Qxf5 g3 24. f4 Bxc3 25. bxc3 Kd8 26. e4 Kc7 27. e5 Rbh8
28. Kf1 R8h5 29. exd6+ Kxd6 30. Qxh5 Qxe1+ 31. Rxe1 Rxh5 32. c4 Rh1+ 33. Ke2
Rxe1+ 34. Kxe1 b5 35. axb5 axb5 36. cxb5 Kxd5 37. Kd2 Kd6 38. f5 Kc7 39. Kc3
Kb6 40. Kc4 f6 41. Kd5 Kxb5 42. Ke6 c4 43. Kxf6 c3 44. Kg7 c2 45. f6 c1=Q 46.
f7 Qf4 0-1

[Event "XXXVIII Torneo Internacional de Ajedrez"]
[Site "La Roda (Albacete) - ESPAÑA"]
[Date "2011.04.21"]
[Round "2.14"]
[White "Almagro Llamas, Pablo"]
[Black "Navarro Lopez-Menchero, Daniel"]
[Result "1-0"]
[WhiteElo "2472"]
[BlackElo "2152"]
[PlyCount "59"]
[EventDate "2011.04.20"]

1. c4 e5 2. g3 Nc6 3. Bg2 Nf6 4. Nc3 Bc5 5. d3 d6 6. Nf3 h6 7. O-O O-O 8. Na4
Bb6 9. e3 e4 10. dxe4 Nxe4 11. a3 Bg4 12. Qc2 Re8 13. b4 Bf5 14. Qb3 Qc8 15.
Bb2 Qe6 16. Rfe1 a6 17. Nxb6 cxb6 18. Nd4 Nxd4 19. Bxd4 Rac8 20. Qb2 Rxc4 21.
Rac1 Rec8 22. Rxc4 Rxc4 23. Bxg7 Ng5 24. e4 Bg4 25. Bh8 Kf8 26. Re3 Rc8 27. h4
Nh3+ 28. Kh2 Ke7 29. f3 f6 30. fxg4 1-0

[Event "XXXVIII Torneo Internacional de Ajedrez"]
[Site "La Roda (Albacete) - ESPAÑA"]
[Date "2011.04.21"]
[Round "2.15"]
[White "Villasenor Rubio, Emilio Jose"]
[Black "Suba, Mihai"]
[Result "1-0"]
[WhiteElo "2154"]
[BlackElo "2465"]
[PlyCount "86"]
[EventDate "2011.04.20"]

1. e4 c5 2. Nf3 d6 3. d4 Nf6 4. Nc3 cxd4 5. Nxd4 a6 6. Be3 e6 7. g4 h6 8. Bg2
Nc6 9. h3 Nd7 10. Qe2 g5 11. O-O-O Nce5 12. f4 gxf4 13. Bxf4 b5 14. Qf2 Bb7 15.
Rhf1 Qc7 16. Bxe5 Nxe5 17. Qf6 b4 18. Qxh8 Qe7 19. Nce2 Qg5+ 20. Kb1 Ke7 21.
Ng3 Bg7 22. Qxg7 Qxg7 23. Ndf5+ exf5 24. Nxf5+ Kf8 25. Nxg7 Kxg7 26. Rxd6 a5
27. Rf5 Re8 28. b3 Bc8 29. Rf2 Bd7 30. Rfd2 Bc6 31. R2d4 Rb8 32. Kb2 a4 33.
bxa4 Bxa4 34. R6d5 f6 35. Rd8 Rb7 36. Bf1 Kg6 37. Rg8+ Kf7 38. Ra8 Be8 39. Bc4+
Ke7 40. Bd5 Rb6 41. Kb3 Nf3 42. Rxb4 Nd2+ 43. Kc3 Nb1+ 1-0

[Event "XXXVIII Torneo Internacional de Ajedrez"]
[Site "La Roda (Albacete) - ESPAÑA"]
[Date "2011.04.21"]
[Round "2.16"]
[White "Antoli Royo, Joaquin Miguel"]
[Black "Munoz Navarro, Alberto"]
[Result "1-0"]
[WhiteElo "2435"]
[BlackElo "2146"]
[PlyCount "53"]
[EventDate "2011.04.20"]

1. e4 c5 2. Nf3 Nc6 3. Bb5 a6 4. Bxc6 dxc6 5. h3 e5 6. O-O Qc7 7. Na3 Ne7 8. c3
Ng6 9. Nc4 Be6 10. Qa4 a5 11. Ne3 f6 12. d4 Rd8 13. Rd1 Nf4 14. dxe5 fxe5 15.
Ng4 Be7 16. Rxd8+ Bxd8 17. Ngxe5 O-O 18. Bxf4 Rxf4 19. Nd3 Rxf3 20. gxf3 c4 21.
Nc5 Bxh3 22. Qxc4+ Kh8 23. Rd1 Qe7 24. f4 Bb6 25. Rd3 Qh4 26. Rg3 Qh5 27. Qd4
1-0

[Event "XXXVIII Torneo Internacional de Ajedrez"]
[Site "La Roda (Albacete) - ESPAÑA"]
[Date "2011.04.21"]
[Round "2.17"]
[White "Cerrajeria Ruiz, Jesus Maria"]
[Black "Garza Marco, Sergio"]
[Result "1/2-1/2"]
[WhiteElo "2149"]
[BlackElo "2434"]
[PlyCount "157"]
[EventDate "2011.04.20"]

1. e4 c5 2. Nf3 g6 3. d4 cxd4 4. Qxd4 Nf6 5. e5 Nc6 6. Qa4 Nd5 7. Qe4 Nb6 8.
Na3 Bg7 9. h4 h5 10. Bg5 d5 11. exd6 Bxb2 12. dxe7 Qd5 13. Qxd5 Nxd5 14. Rd1
Bxa3 15. Rxd5 Bxe7 16. Bb5 Be6 17. Rd3 Kf8 18. Bxc6 bxc6 19. Bxe7+ Kxe7 20. a3
Rhd8 21. Nd4 Bd5 22. O-O c5 23. Re1+ Kf8 24. Nb5 Bc6 25. Rxd8+ Rxd8 26. Nxa7
Be8 27. c4 Rd4 28. f3 Rxc4 29. Nc8 Rxh4 30. Nd6 Bc6 31. Rc1 Rd4 32. Nc4 Bb5 33.
Nb6 c4 34. a4 Ba6 35. Kf2 Rd2+ 36. Kg1 Rd6 37. a5 Rc6 38. Nd5 Rc8 39. Nb6 Rd8
40. Rc2 Rd4 41. Na4 Ke7 42. Rb2 Rd5 43. Rb6 Rxa5 44. Nc3 Bc8 45. Kf2 Be6 46.
Rb7+ Kd6 47. Ke3 Kc6 48. Rb8 Ra1 49. Kd4 Rg1 50. Rb2 Kd6 51. Ra2 Ke7 52. Ke5
Re1+ 53. Kd4 Kf8 54. f4 Kg7 55. Rf2 Ra1 56. g3 Ra8 57. Rf3 Rd8+ 58. Kc5 Rc8+
59. Kd6 Rd8+ 60. Kc5 Kh6 61. Re3 Rd3 62. Rxd3 cxd3 63. Kd4 Bf5 64. Ke3 Kg7 65.
Nb5 Bh3 66. Nc3 Bf5 67. Nb5 Bh3 68. Nc3 Bf1 69. Ne4 Be2 70. Kd2 Kf8 71. Ke3 Ke7
72. Ng5 f6 73. Ne4 Ke6 74. Nf2 Kf5 75. Ne4 Kg4 76. Kf2 Kf5 77. Ke3 Ke6 78. Kd4
Kf5 79. Ke3 1/2-1/2

[Event "XXXVIII Torneo Internacional de Ajedrez"]
[Site "La Roda (Albacete) - ESPAÑA"]
[Date "2011.04.21"]
[Round "2.18"]
[White "Rojas Keim, Luis"]
[Black "Perez De Aranda A, Leonardo I"]
[Result "1-0"]
[WhiteElo "2432"]
[BlackElo "2136"]
[PlyCount "75"]
[EventDate "2011.04.20"]

1. d4 d5 2. c4 dxc4 3. e3 e5 4. Bxc4 exd4 5. exd4 Nc6 6. Nf3 Bb4+ 7. Nc3 Qe7+
8. Be3 Nf6 9. O-O Bxc3 10. bxc3 O-O 11. Re1 Bg4 12. h3 Bh5 13. g4 Bg6 14. Bf4
Qd8 15. Ne5 Nxe5 16. dxe5 Ne4 17. Qd4 c5 18. Qe3 Qa5 19. h4 h6 20. h5 Bh7 21.
Bd3 Ng5 22. Bxg5 hxg5 23. Bxh7+ Kxh7 24. Qxg5 Qxc3 25. Rac1 Qa5 26. e6 fxe6 27.
Rxe6 Qxa2 28. Qg6+ Kg8 29. Rc2 Qa1+ 30. Kg2 Rf7 31. Rxc5 Rxf2+ 32. Kxf2 Qd4+
33. Kg2 Qxc5 34. h6 Qd5+ 35. Kg3 Qd4 36. hxg7 Qc3+ 37. Kh4 Qxg7 38. Qh5 1-0

[Event "XXXVIII Torneo Internacional de Ajedrez"]
[Site "La Roda (Albacete) - ESPAÑA"]
[Date "2011.04.21"]
[Round "2.19"]
[White "Roche Simon, Manuel Angel"]
[Black "Granero Roca, Antonio"]
[Result "0-1"]
[WhiteElo "2137"]
[BlackElo "2431"]
[PlyCount "70"]
[EventDate "2011.04.20"]

1. e4 c6 2. d4 d5 3. Nc3 dxe4 4. Nxe4 Bf5 5. Ng3 Bg6 6. h4 h6 7. f4 e6 8. Nf3
Nd7 9. h5 Bh7 10. Bd3 Bxd3 11. Qxd3 Qc7 12. Bd2 O-O-O 13. Qe2 Ngf6 14. O-O-O
Nb6 15. c4 c5 16. dxc5 Bxc5 17. Ne5 Bd4 18. Ba5 Rhf8 19. Kb1 Qc5 20. Bxb6 Qxb6
21. Rc1 Qc5 22. Nd3 Qc7 23. Ne4 Qc6 24. Nd2 Rd7 25. Rc2 Rfd8 26. Rh3 Rc7 27. g4
Nd7 28. Ne4 f5 29. Nd2 Nf6 30. g5 Ng4 31. Nf3 Qe4 32. b3 Be3 33. Nfe1 Rcd7 34.
Nc1 Rd1 35. Rxe3 Nxe3 0-1

[Event "XXXVIII Torneo Internacional de Ajedrez"]
[Site "La Roda (Albacete) - ESPAÑA"]
[Date "2011.04.21"]
[Round "2.20"]
[White "Anton Guijarro, David"]
[Black "Iagar, Razvan-Gabriel"]
[Result "1/2-1/2"]
[WhiteElo "2425"]
[BlackElo "2125"]
[PlyCount "133"]
[EventDate "2011.04.20"]

1. d4 d5 2. c4 c6 3. e3 Nf6 4. Nc3 a6 5. Bd2 b5 6. cxb5 cxb5 7. a4 b4 8. Na2 a5
9. Nc1 e6 10. Nf3 Nbd7 11. Bb5 Bd6 12. Nd3 Ba6 13. Bxa6 Rxa6 14. Rc1 O-O 15.
O-O Qb8 16. Qe2 Rb6 17. Rc2 Rc8 18. Rfc1 Rxc2 19. Rxc2 h6 20. Nc1 Qa8 21. Be1
Rc6 22. Nb3 Rxc2 23. Qxc2 Nb6 24. Nc1 Qe8 25. b3 Qc8 26. Qxc8+ Nxc8 27. Nd3 Nd7
28. Kf1 Kf8 29. Ke2 Ke7 30. g4 f6 31. h3 Kf7 32. Nd2 Ne7 33. f3 Nc6 34. Bf2 g5
35. h4 Kg6 36. h5+ Kf7 37. e4 Bc7 38. Nc5 Ke7 39. exd5 exd5 40. Nf1 Bb6 41. Ng3
Nxd4+ 42. Bxd4 Bxc5 43. Nf5+ Ke6 44. Kd3 Bf8 45. Bf2 Ne5+ 46. Ke2 Nd7 47. Bg1
Kf7 48. Bh2 Nc5 49. Nd4 f5 50. Be5 fxg4 51. fxg4 Bg7 52. Bxg7 Kxg7 53. Kd1 Kf6
54. Kc2 Ke5 55. Nf5 d4 56. Nxh6 d3+ 57. Kb2 d2 58. Kc2 Nxb3 59. Nf5 Kf6 60. Nd6
Nc5 61. Kxd2 Nxa4 62. Nc4 Nc5 63. Nxa5 b3 64. Kc3 Ne4+ 65. Kxb3 Nf2 66. Kc3
Nxg4 67. Kd3 1/2-1/2

[Event "XXXVIII Torneo Internacional de Ajedrez"]
[Site "La Roda (Albacete) - ESPAÑA"]
[Date "2011.04.21"]
[Round "3.1"]
[White "Burmakin, Vladimir"]
[Black "Antoli Royo, Joaquin Miguel"]
[Result "1-0"]
[WhiteElo "2594"]
[BlackElo "2435"]
[PlyCount "97"]
[EventDate "2011.04.20"]

1. d4 Nf6 2. Nf3 d5 3. Bf4 c5 4. e3 Nc6 5. c3 g6 6. Be2 Bg7 7. Nbd2 Nh5 8. Bg5
h6 9. Bh4 g5 10. Bg3 Nxg3 11. hxg3 Qd6 12. Qc2 Bd7 13. Nb3 b6 14. dxc5 bxc5 15.
Rd1 e6 16. e4 d4 17. cxd4 cxd4 18. Qc5 Qxc5 19. Nxc5 Rb8 20. b3 Bc8 21. O-O Ke7
22. Rd2 Rd8 23. Rc1 Rd6 24. Ne1 Nb4 25. Ned3 Rc6 26. Nxb4 Rxb4 27. a3 Rb8 28.
b4 Be5 29. Rcc2 Rc7 30. Nd3 Rxc2 31. Rxc2 Kd6 32. f4 Bg7 33. e5+ Kd7 34. Rc4 f6
35. Rxd4+ Ke7 36. Bf3 fxe5 37. Nxe5 Bxe5 38. fxe5 Rb5 39. Re4 a5 40. Be2 Rd5
41. b5 Bd7 42. a4 Kd8 43. Bf3 Rd2 44. Rc4 Rb2 45. Kf1 Ra2 46. Ke1 Be8 47. b6
Rb2 48. b7 Bd7 49. g4 1-0

[Event "XXXVIII Torneo Internacional de Ajedrez"]
[Site "La Roda (Albacete) - ESPAÑA"]
[Date "2011.04.21"]
[Round "3.2"]
[White "Granero Roca, Antonio"]
[Black "Almeida Quintana, Omar"]
[Result "0-1"]
[WhiteElo "2431"]
[BlackElo "2593"]
[PlyCount "84"]
[EventDate "2011.04.20"]

1. d4 g6 2. c4 Bg7 3. Nc3 d6 4. e4 Nc6 5. Be3 e5 6. d5 Nce7 7. Nf3 f5 8. Ng5
Nf6 9. f3 O-O 10. Be2 c5 11. Qd2 Ne8 12. O-O-O a6 13. h4 f4 14. Bxc5 dxc5 15.
d6 h6 16. dxe7 Qxe7 17. Nd5 Qd8 18. Nh3 Be6 19. Nf2 h5 20. Rdg1 b5 21. Nh3 Bh6
22. g3 Kh7 23. Ng5+ Bxg5 24. hxg5 fxg3 25. f4 Bxd5 26. exd5 exf4 27. Bxh5 Qxg5
28. Bf3+ Kg7 29. Re1 Nf6 30. d6 Rad8 31. Re7+ Rf7 32. Rhe1 Rd7 33. Bc6 Rdxe7
34. Rxe7 Rxe7 35. dxe7 Qe5 36. cxb5 axb5 37. Qd8 f3 38. Bxf3 Qe3+ 39. Kb1 Qxf3
40. Qf8+ Kh7 41. Qf7+ Kh6 42. Qf8+ Kg5 0-1

[Event "XXXVIII Torneo Internacional de Ajedrez"]
[Site "La Roda (Albacete) - ESPAÑA"]
[Date "2011.04.21"]
[Round "3.3"]
[White "Korneev, Oleg"]
[Black "Rojas Keim, Luis"]
[Result "0-1"]
[WhiteElo "2573"]
[BlackElo "2432"]
[PlyCount "67"]
[EventDate "2011.04.20"]

1. e4 e6 2. d4 d5 3. Nc3 Bb4 4. e5 c5 5. a3 Bxc3+ 6. bxc3 Ne7 7. Qg4 Kf8 8. Qd1
Qa5 9. Bd2 cxd4 10. cxd4 Qa4 11. Nf3 Nbc6 12. Bd3 Nxd4 13. Bb4 Ndc6 14. Bd6
Qa5+ 15. Kf1 Kg8 16. Rb1 Nf5 17. Bb4 Nxb4 18. axb4 Qd8 19. h4 f6 20. g4 Ne7 21.
exf6 gxf6 22. g5 Ng6 23. Rg1 Kf8 24. Qd2 e5 25. gxf6 Qxf6 26. Bxg6 hxg6 27.
Qxd5 Bh3+ 28. Ke1 Rd8 29. Qc5+ Kg7 30. Rb3 Rc8 31. Qxa7 Rxc2 32. Qxb7+ Kh6 33.
Qe4 Rhc8 34. Rd3 0-1

[Event "XXXVIII Torneo Internacional de Ajedrez"]
[Site "La Roda (Albacete) - ESPAÑA"]
[Date "2011.04.21"]
[Round "3.4"]
[White "Camacho Collados, Marcos"]
[Black "Hernandez Carmenates, Holden"]
[Result "1/2-1/2"]
[WhiteElo "2376"]
[BlackElo "2564"]
[PlyCount "110"]
[EventDate "2011.04.20"]

1. e4 c5 2. Nf3 d6 3. d4 cxd4 4. Nxd4 Nf6 5. Nc3 a6 6. Be2 e5 7. Nb3 Be7 8. O-O
O-O 9. Re1 Be6 10. Bf1 Nbd7 11. Nd5 Rc8 12. c4 Nb6 13. Nd2 Bxd5 14. cxd5 Qc7
15. a4 a5 16. Ra3 Bd8 17. Rc3 Qb8 18. Rh3 h5 19. Nb1 Nbd7 20. Nc3 Bb6 21. Be2
Qa7 22. Rf1 Rxc3 23. bxc3 Nxe4 24. Qe1 g6 25. Be3 f5 26. Bxb6 Qxb6 27. Qc1 Kg7
28. c4 Ndc5 29. Qc2 Na6 30. Ra3 Nb4 31. Qd1 Rh8 32. Bd3 Nc5 33. Bb1 Qd8 34. Kh1
Qf6 35. f3 h4 36. Qe2 Rc8 37. Qf2 Qg5 38. g4 hxg3 39. Qxg3 Qxg3 40. hxg3 Ra8
41. Kg2 Kf6 42. g4 f4 43. Rh1 Kg7 44. g5 Nd7 45. Rh6 Nf8 46. Be4 Rc8 47. Rc3
Na6 48. Rc1 Rc7 49. Kf2 Nc5 50. Bc2 Na6 51. Be4 Nc5 52. Bc2 Ncd7 53. Bd3 Nc5
54. Bc2 Ncd7 55. Bd3 Nc5 1/2-1/2

[Event "XXXVIII Torneo Internacional de Ajedrez"]
[Site "La Roda (Albacete) - ESPAÑA"]
[Date "2011.04.21"]
[Round "3.5"]
[White "Valmana Canto, Jaime"]
[Black "Cabrera, Alexis"]
[Result "1-0"]
[WhiteElo "2330"]
[BlackElo "2511"]
[PlyCount "99"]
[EventDate "2011.04.20"]

1. b3 d5 2. e3 Nf6 3. Bb2 g6 4. f4 Bg7 5. Nf3 O-O 6. Be2 c5 7. O-O d4 8. exd4
cxd4 9. Bxd4 Nc6 10. Bb2 Qb6+ 11. Kh1 Nd5 12. Bxg7 Kxg7 13. Ne5 Nxe5 14. fxe5
Qd4 15. c3 Qxe5 16. Bf3 Qd6 17. c4 Nb4 18. d4 e5 19. a3 Nc6 20. dxe5 Qxe5 21.
Ra2 Bf5 22. Bd5 Rae8 23. Nd2 Qc3 24. Nf3 Re3 25. b4 Rfe8 26. Raf2 Bd3 27. Rg1
Qxa3 28. b5 Nd8 29. Ne1 Qc3 30. Nxd3 Rxd3 31. Qg4 Rde3 32. h3 R8e7 33. Rgf1 Ne6
34. Qh4 Rd7 35. Rf6 Nd8 36. Qf2 Ree7 37. Rf3 Qa5 38. Qd4+ Kg8 39. h4 Qb6 40.
Qc3 Qd6 41. Rf6 Qe5 42. Qf3 Kg7 43. Rf4 Ne6 44. Re4 Qd6 45. Qf6+ Kg8 46. h5
gxh5 47. Rf5 Qb4 48. Bxe6 Rxe6 49. Rg5+ Kf8 50. Rxe6 1-0

[Event "XXXVIII Torneo Internacional de Ajedrez"]
[Site "La Roda (Albacete) - ESPAÑA"]
[Date "2011.04.21"]
[Round "3.6"]
[White "Paunovic, Dragan"]
[Black "Forcen Esteban, Daniel"]
[Result "0-1"]
[WhiteElo "2504"]
[BlackElo "2425"]
[PlyCount "124"]
[EventDate "2011.04.20"]

1. Nf3 c5 2. g3 Nc6 3. Bg2 g6 4. O-O Bg7 5. c4 e5 6. Nc3 Nge7 7. a3 a5 8. d3 d6
9. Ne1 Be6 10. Nc2 d5 11. cxd5 Nxd5 12. Ne3 Nde7 13. Nc4 O-O 14. Bg5 f6 15. Bd2
Rb8 16. Nb5 Qd7 17. Rb1 b6 18. Qc2 Nf5 19. Bc3 Rfc8 20. e3 Ncd4 21. exd4 cxd4
22. a4 dxc3 23. bxc3 Bf8 24. Qe2 Kg7 25. Ne3 Nd6 26. c4 Rd8 27. Nd5 Bxd5 28.
cxd5 Nxb5 29. Rxb5 Bc5 30. Rc1 Rbc8 31. Rc4 Rc7 32. Bf3 Qd6 33. Kg2 Rf7 34. Rb1
Rdf8 35. Qb2 f5 36. Re1 Re7 37. Qb5 Rf6 38. Rc2 Ref7 39. Rf1 g5 40. h3 Re7 41.
Qc4 Rd7 42. Kh2 h5 43. Bxh5 Qxd5 44. Qxd5 Rxd5 45. Be2 Rd4 46. Ra2 f4 47. Kg2
Rd8 48. Rc2 Rd4 49. Rc4 e4 50. f3 e3 51. Rfc1 Rfd6 52. h4 gxh4 53. gxf4 Kf6 54.
Kh3 Kf5 55. Rxd4 Rxd4 56. Rc4 Rxf4 57. Re4 Rxe4 58. dxe4+ Kf4 59. Kxh4 b5 60.
Bxb5 Kxf3 61. e5 e2 62. Bxe2+ Kxe2 0-1

[Event "XXXVIII Torneo Internacional de Ajedrez"]
[Site "La Roda (Albacete) - ESPAÑA"]
[Date "2011.04.21"]
[Round "3.7"]
[White "Sande Edreira, Jose Antonio"]
[Black "Khamrakulov, Ibragim S"]
[Result "1/2-1/2"]
[WhiteElo "2310"]
[BlackElo "2495"]
[PlyCount "45"]
[EventDate "2011.04.20"]

1. c4 c5 2. g3 Nc6 3. Bg2 g6 4. Nc3 Bg7 5. Nf3 e6 6. O-O Nge7 7. e3 d5 8. cxd5
exd5 9. d4 cxd4 10. Nxd4 O-O 11. Qb3 Na5 12. Qc2 a6 13. b3 Be6 14. Ba3 Rc8 15.
Qd2 Nac6 16. Nxc6 Rxc6 17. Rac1 Qa5 18. Nb1 Qxd2 19. Nxd2 Rfc8 20. Rxc6 Nxc6
21. Rc1 d4 22. exd4 Bxd4 23. Be4 1/2-1/2

[Event "XXXVIII Torneo Internacional de Ajedrez"]
[Site "La Roda (Albacete) - ESPAÑA"]
[Date "2011.04.21"]
[Round "3.9"]
[White "Escudero Manzano, Alejandro"]
[Black "Cruz, Cristhian"]
[Result "1-0"]
[WhiteElo "2171"]
[BlackElo "2492"]
[PlyCount "83"]
[EventDate "2011.04.20"]

1. e4 e6 2. d4 d5 3. Nc3 Bb4 4. Nge2 Nf6 5. Bg5 dxe4 6. a3 Be7 7. Bxf6 gxf6 8.
Nxe4 b6 9. Qd3 Bb7 10. O-O-O Nd7 11. N2c3 f5 12. Ng3 Nf6 13. Qd2 Qd7 14. Bb5 c6
15. Be2 O-O-O 16. Bf3 Qc7 17. Qe2 Rd7 18. Qc4 Rhd8 19. Nge2 Ne8 20. Na2 Bg5+
21. Kb1 c5 22. Bxb7+ Kxb7 23. Qa4 Qc6 24. Qb3 Bf6 25. Qh3 Nc7 26. Rd3 Nb5 27.
dxc5 Rxd3 28. cxd3 Nxa3+ 29. Ka1 Nc2+ 30. Kb1 Na3+ 31. Ka1 Nc2+ 32. Kb1 Na3+
33. Ka1 Qb5 34. c6+ Qxc6 35. Rc1 Qd6 36. Nac3 Rc8 37. Qf3+ Ka6 38. Ka2 Bg5 39.
Nb5 Nxb5 40. Rxc8 Qb4 41. Rc4 Qa5+ 42. Kb3 1-0

[Event "XXXVIII Torneo Internacional de Ajedrez"]
[Site "La Roda (Albacete) - ESPAÑA"]
[Date "2011.04.21"]
[Round "3.10"]
[White "Alonso Rosell, Alvar"]
[Black "Rudolf, Anna"]
[Result "1/2-1/2"]
[WhiteElo "2477"]
[BlackElo "2347"]
[PlyCount "99"]
[EventDate "2011.04.20"]

1. d4 e6 2. Nf3 Nf6 3. g3 d5 4. Bg2 Be7 5. O-O O-O 6. c4 dxc4 7. Qc2 a6 8. a4
Bd7 9. Rd1 Bc6 10. Nc3 Bb4 11. Bg5 Bxc3 12. Bxf6 Qxf6 13. bxc3 Nd7 14. Qa2 Bd5
15. Nd2 Bxg2 16. Kxg2 c5 17. Nxc4 Rac8 18. Rab1 Rc7 19. a5 Qg6 20. Nd6 Nf6 21.
Qa3 Qh5 22. Qa2 Nd5 23. Rdc1 cxd4 24. cxd4 Nb4 25. Qb3 Rxc1 26. Rxc1 Qxa5 27.
Nxb7 Qb6 28. Nc5 Rd8 29. e3 a5 30. Qa4 h6 31. Kg1 Nd5 32. Ra1 Ra8 33. Nd3 Nf6
34. Ne5 Qb2 35. Nc4 Qe2 36. Qa2 Qd3 37. Ne5 Qc3 38. Qa4 Rb8 39. Qd1 Nd5 40. Ra2
Rc8 41. Qe2 Qc1+ 42. Kg2 Nc3 43. Qf3 Nxa2 44. Qxf7+ Kh7 45. Qg6+ Kg8 46. Qxe6+
Kh7 47. Qf5+ Kg8 48. Qe6+ Kh7 49. Qf5+ Kg8 50. Qe6+ 1/2-1/2

[Event "XXXVIII Torneo Internacional de Ajedrez"]
[Site "La Roda (Albacete) - ESPAÑA"]
[Date "2011.04.21"]
[Round "3.11"]
[White "Plaskett, H James"]
[Black "Villasenor Rubio, Emilio Jose"]
[Result "1-0"]
[WhiteElo "2475"]
[BlackElo "2154"]
[PlyCount "51"]
[EventDate "2011.04.20"]

1. Nc3 c5 2. e4 d6 3. Nf3 Nf6 4. e5 dxe5 5. Nxe5 Nbd7 6. Nc4 Nb6 7. Qf3 e6 8.
b3 Be7 9. Bb2 a6 10. Nxb6 Qxb6 11. Bd3 Bd7 12. Ne4 Bc6 13. Bxf6 gxf6 14. Nxf6+
Kd8 15. Be4 Qc7 16. O-O Bxe4 17. Nxe4 f5 18. Ng3 Bd6 19. Rfe1 Kd7 20. Rad1 Rae8
21. d4 Kc8 22. d5 exd5 23. Qxf5+ Kb8 24. Rxe8+ Rxe8 25. Qxd5 Qe7 26. Qxd6+ 1-0

[Event "XXXVIII Torneo Internacional de Ajedrez"]
[Site "La Roda (Albacete) - ESPAÑA"]
[Date "2011.04.21"]
[Round "3.12"]
[White "Maza Broto, Pablo"]
[Black "Almagro Llamas, Pablo"]
[Result "0-1"]
[WhiteElo "2083"]
[BlackElo "2472"]
[PlyCount "58"]
[EventDate "2011.04.20"]

1. d4 Nf6 2. Nf3 e6 3. c4 b6 4. g3 Ba6 5. Qc2 c5 6. Bg2 Bb7 7. O-O cxd4 8. Nxd4
Bxg2 9. Kxg2 Qc7 10. e4 a6 11. b3 Qe5 12. Bb2 Qxe4+ 13. Qxe4 Nxe4 14. Re1 Nc5
15. Re3 Be7 16. Nc3 O-O 17. b4 Nb7 18. Na4 Bxb4 19. Nxb6 Ra7 20. Nb3 Na5 21.
Nxa5 Bxa5 22. c5 Nc6 23. Rb3 Rb8 24. Ba3 d5 25. f4 Nd4 26. Rd3 Nc6 27. Rb1 Rab7
28. Rdb3 Nd4 29. Rd3 Nb5 0-1